000 01770cam a22004934i 4500
003 PE-LiUPU
005 20250731165606.0
008 150706s r 000 0 d
020 _a9780687333950
035 _a(Sirsi) i9780687333950
040 _aPE-LiUPU
_bspa
_cPE-LiUPU
_erda
049 _aPRUA
082 0 4 _a220.3
_bNIB
_221
245 0 4 _aThe new interpreter's dictionary of the Bible :
_bS-Z /
_cKatharine Doob Sakenfield, editor general.
264 1 _aNashville, TN :
_bAbingdon Press,
_c2006.
300 _a1075 páginas :
_bilustraciones ;
_c27 centímetros
336 _atext
_2rdacontent
337 _aunmediated
_2rdamedia
338 _avolume
_2rdacarrier
505 0 _aDiccionario S-Z.
526 _aSEG44
526 _aSEG26
526 _aP151
526 _aP150
526 _aP149
526 _aP146
526 _aP145
526 _aP126
526 _aP125
526 _aP92
526 _aP75
526 _aP74
526 _aP27
526 _aP15
541 _g48239-0292;
630 _aBiblia
_vDiccionarios.
_95969
700 1 _aDoob Sakenfeld, Katherine,
_eed.
910 _agl
_bjv
_clch
_d20091202
942 _2ddc
_cBOOK
949 _aRC 220.3 NIB 5
_wDEWEY
_c1
_i60712
_d2015-11-10
_lCCODEBUL1
_mBUL
_p64.00
_q4
_r0
_sY
_tBOOK
_u2015-7-6
_xTEOLOGIA
_zUNKNOWN
_0COMPRA
_o.CIRCNOTE. No olvidar cambiar la fecha de devolución!!!!!!!
_o.STAFF. Colección General
994 _aC0
_bPEPRU
596 _a1
999 _aRC 220.3 NIB 5
_wDEWEY
_c50112
_i60712
_d50112
_f2021-11-8
_g6
_lCCODEBUL1
_mBUL
_p64.00
_q7
_r1
_sY
_tBOOK
_u2015-7-6
_xTEOLOGIA
_zUNKNOWN
_0COMPRA
_o.CIRCNOTE. No olvidar cambiar la fecha de devolución!!!!!!!
_o.STAFF. Colección General
980 _81
_gALBERTO SANCHEZ Responsable de Automatización